A megváltozott munkaképességűek helyzete a munkaerőpiacon

Bibliographic Details
Main Author: Benkó András
Other Authors: Csillag Dr. Sára
Format: Thesis
Kulcsszavak:megváltozott munkaképességű munkavállalók
fogyatékosság
munkaerőpiac
Online Access:http://dolgozattar.uni-bge.hu/17349

MARC

LEADER 00000nta a2200000 i 4500
001 dolg17349
005 20190404093656.0
008 180517suuuu hu om 000 hun d
040 |a BGE Dolgozattár Repozitórium  |b hun 
041 |a hu 
100 1 |a Benkó András 
245 1 2 |a A megváltozott munkaképességűek helyzete a munkaerőpiacon  |c Benkó András  |h [elektronikus dokumentum] 
695 |a megváltozott munkaképességű munkavállalók 
695 |a fogyatékosság 
695 |a munkaerőpiac 
700 1 |a Csillag Dr. Sára  |e ths 
856 4 0 |u http://dolgozattar.uni-bge.hu/17349/1/Benk%C3%B3%20Andr%C3%A1s%20Szakdolgozat.pdf  |z Dokumentum-elérés